The heritage of the past : from the earliest times to 1500 /

محفوظ في:

المؤلف الرئيسي: Easton, Stewart C. 1907-1989 (مؤلف)

التنسيق: كتاب

اللغة: English

منشور في: New York : Holt, Rinehart and Winston, [1964].

الطبعة: Rev. ed.

الموضوعات:

الوسوم: إضافة وسم

لا توجد وسوم, كن أول من يضع وسما على هذه التسجيلة!

رقم الطلب: D57 .E17 1964

LEADER 00838namaa2200253 4500
001 12141
003 OSt
005 20250316121235.0
008 130303s1964 nyuabch b 000 0 eng d
010 |a 64014342 
040 |c ARCE Library 
050 4 |a D57 .E17 1964 
100 1 |a Easton, Stewart C.  |q (Stewart Copinger),  |d 1907-1989,  |e author  |9 29370 
245 1 4 |a The heritage of the past :   |b from the earliest times to 1500 /   |c [by] Stewart C. Easton. 
250 |a Rev. ed. 
264 1 |a New York :  |b Holt, Rinehart and Winston,  |c [1964]. 
300 |a xx, 795 pages :  |b illustrations, facsimiles, maps (2 color on lining papers) portraits ;  |c 26 cm. 
504 |a Includes bibliographical references. 
555 |a .alaa-sweed 
650 0 |a History, Ancient. 
650 0 |a Middle Ages. 
901 |a reviewed 
942 |c BK  |2 lcc 
999 |c 10612  |d 10612